LEADER 00689nam a2200193 i 4500 001 000000209122 003 CaOOAMICUS 005 20221117145122.0 008 111206s1831 it u000 u ita u 013 $a187911 040 $aSeMil$bita 100 1 $aPellico, Silvio,$d<1789-1854>.$0(OLS)http://semarc/name/11420 245 10$aVol. 1. 300 $a164 p. 773 0 $aPellico, Silvio <1789-1854>$tOpere di Silvio Pellico da Saluzzo.$dPadova : Coi tipi della Minerva, 1831.$g1$w()25958 850 $aSeMil 852 $aSeMil$W1$xVenegono$y1$m1Q VI 26 FA$j159576$B159576$CSeMilBibl$Z2$F170637 $8I 996 $6245$aVol. 1$9(OLS)http://semarc/title/13429 LEADER 00792nam a2200217 i 4500 001 000000159643 003 CaOOAMICUS 005 20110408000000.0 008 110408n it u000 u ita u 013 $a137006 040 $aSeMil$bita 100 1 $aSinthern, Peter .$0(OLS)http://semarc/name/41931 240 13$aIl veto nel Conclave.$0(OLS)http://semarc/title/141818 245 13$aIl "veto" nel Conclave /$c[Peter Sinthern]. 260 $a[S.l. :$bs.n.,$c1908] 300 $aP. 642-661 ;$c24 cm. 773 0 $t[Miscellanea.$w()24700 850 $aSeMil 852 $aSeMil$W1$xVenegono$y1$m5A II 14/2 FA$j248112$B111200$CSeMilBibl$Z2$F120842 $8I 996 $6245$aIl "veto" nel Conclave$9(OLS)http://semarc/title/141817 996 $6260$a[S.l. :$bs.n.$9(OLS)http://semarc/publisher/31686